| 000 | 00770nam a22002057a 4500 | ||
|---|---|---|---|
| 999 |
_c13343 _d13343 |
||
| 003 | AR-CdUCM | ||
| 008 | 190415b ||||| |||| 00| 0 spa d | ||
| 040 |
_aMUNICIPALIDAD PROVINCIAL DEL CUSCO _cBIBLIOTECA MUNICIPAL DEL CUSCO |
||
| 082 |
_aC / 346.3 / _bH71 |
||
| 100 |
_aHolgado Valer, Enrique _931528 |
||
| 245 | _aDerecho de sucesiones / | ||
| 260 |
_aCusco : _bUNSAAC, _c1976. |
||
| 300 |
_a342 páginas ; _c21 cm. |
||
| 500 | _aDedicatoria | ||
| 505 | _aContenido: Derecho de sucesiones -- Teoría sobre la responsabilidad hereditaria -- Fuentes del derecho de sucesiones -- Elementos de la sucesión -- Apertura de la sucesión ... | ||
| 650 |
_aDerecho civil _97386 |
||
| 650 |
_aSucesiones Perú _931715 |
||
| 942 |
_2ddc _cLIBROS |
||
| 945 |
_aacv _d2019-04-15 |
||